| 000 | 00706cam a2200229 4500 | ||
|---|---|---|---|
| 001 | ABS67316 | ||
| 008 | 031222n2003 000 0 eng u | ||
| 035 | _a(Sirsi) u124667 | ||
| 245 | _aFocus 3: Glasgow | ||
| 260 | _c2003 | ||
| 490 |
_aEstates Gazette _v(0348) 29 November 2003, 77-93(8) |
||
| 590 | _aABS | ||
| 650 | _aGLASGOW | ||
| 650 | _aPROPERTY-COMMERCIAL PROPERTY-OFFICE PROPERTY-OFFICE PROPERTY MARKET | ||
| 650 | _aPROPERTY-COMMERCIAL PROPERTY-RETAIL PROPERTY-RETAIL PROPERTY MARKET | ||
| 650 | _aINDUSTRIAL MARKET | ||
| 650 | _aOCCUPIERS | ||
| 650 | _aRENT REVIEWS | ||
| 650 | _aMOTORWAY SCHEMES | ||
| 690 | _aPROPERTY-COMMERCIAL PROPERTY-COMMERCIAL PROPERTY MARKET | ||
| 942 | _n0 | ||
| 999 |
_c73986 _d73986 |
||